Budak Rap

Bibliographic Details
Main Author: Ahadiat Akashah
Format: Book
Published: Kuala Lumpur : Melati Publisher Sdn.Bhd. , 1995
Series:Remaja riang ria

MARC

LEADER 00000cam a2200000 7i4500
001 0000007925
002 000008499
005 20000330.0
020 |a 9839806041 
090 0 0 |a F   |b AHA 
100 0 |a Ahadiat Akashah 
245 1 0 |a Budak Rap   |c Ahadiat Akashah 
260 |a Kuala Lumpur :   |b Melati Publisher Sdn.Bhd. ,   |c 1995 
300 |a 120p. ;   |c 18cm. 
490 0 |a Remaja riang ria 
999 |a 054672   |b BUKU   |c PINJAMAN   |e PERPUSTAKAAN KOMUNITI CAW KOTA DAMANSARA 
999 |a 054673   |b BUKU   |c FICTION   |e PERPUSTAKAAN KOMUNITI CAW KOTA DAMANSARA